| 000 | 02297nam a22003737a 4500 | ||
|---|---|---|---|
| 005 | 20110721153138.0 | ||
| 010 | _aENG-103094 B-458844-848 | ||
| 020 |
_a9788132105916 _c795.00 |
||
| 035 | _aEN-86627 B-458844-848 | ||
| 037 | _bDBAD / PUB | ||
| 037 | _bRBC/Ven | ||
| 082 | _a303.482091724 | ||
| 245 |
_aDrama for development : _cedited by Andrew Skuse, Marie Gillespie [and] Gerry Power _bcultural translation andsocial change / |
||
| 260 |
_aNew Delhi _bSage PUblications _c2011 |
||
| 270 |
_aBI-1, Mohan Cooperative Industrial Area, Mathura Road _bNew Delhi _e110 044 |
||
| 300 |
_axxiii,324p. _c23cm (Hb) |
||
| 500 | _aIncludes bibliographical references and index | ||
| 610 |
_aBBC World Service Trust _945956 |
||
| 650 |
_aIntercultural communication _945957 |
||
| 650 |
_aMass media in community development _945958 |
||
| 650 |
_aCultural pluralism _945959 |
||
| 650 |
_aSocial change _91362 |
||
| 700 |
_929821 _aSkuse,Andrew _d1964- |
||
| 700 |
_aGillespie, Marie _d1953- _929856 |
||
| 700 |
_aPower, Gerry _d1960- _929857 |
||
| 942 |
_adpl _cEN _2ddc _h303.482091724 _mDRA |
||
| 999 |
_c54190 _d54190 |
||